000 00399nam a2200169Ia 4500
001 37539
005 20240114001936.0
007 ta
008 070612s a g b000 u u
082 _a824.91
_bP 655 P
100 _aPinks , M A .
245 0 _aPoints of View /
_cM A Pinks.
_hTextual Documents
300 _bill ;
653 _aEnglish LIterature
942 _2ddc
_cBK
999 _c37518
_d37518